| 000 | 00828nam a22001935i 4500 | ||
|---|---|---|---|
| 001 | 178721 | ||
| 003 | ES-MaACL | ||
| 005 | 20230906220606.0 | ||
| 008 | 110613s1974 sp ad |||| | spa d | ||
| 080 | _a616.24 | ||
| 100 | 1 |
_aManresa, F. _9147166 |
|
| 245 | 1 | 3 |
_aEl volumen de cierre aéreo en patología respiratoria / _cresumen de la tesis presentada para aspirar al grado de doctor en medicina por Federico Manresa Presas. |
| 260 |
_aBarcelona : _bUniversidad de Barcelona, Secretariado de Publicaciones, Intercambio Científico y Extensión Universitaria : _b[Ivern], _c1974. |
||
| 300 |
_a17 p. : _bil. bl. y n. ; _c24 cm. |
||
| 500 | _aCub. tomada como port. | ||
| 650 | 0 | 4 |
_aAparato respiratorio- _xEnfermedades. _9135585 |
| 710 | 2 |
_aUniversidad de Barcelona. _97141 |
|
| 852 |
_aES-MaACL _jE-15361 (124) _xOlim P-1374 |
||
| 999 |
_c178721 _d178721 |
||